[Event "BLR-ch sf"]
[Site "Minsk"]
[Date "2023.12.11"]
[Round "5"]
[White "Kasperovich, Mikhail"]
[Black "Sapranovich, Bogdan"]
[Result "1-0"]
[WhiteElo "1474"]
[BlackElo "1164"]
[PlyCount "103"]
[EventDate "2023.12.07"]
[EventType "swiss"]
[EventRounds "9"]
[EventCountry "BLR"]
[SourceTitle "CB51_2023"]
[SourceDate "2023.12.20"]
[SourceVersion "1"]
[SourceVersionDate "2023.12.20"]
[SourceQuality "1"]

1. d4 d5 2. Nf3 Nf6 3. c4 e6 4. Nc3 Be7 5. cxd5 exd5 6. Qc2 c6 7. Bf4 a5 8. e3 0-0 9. Bd3 h6 10. 0-0 Nbd7 11. h3 b5 12. Ne2 Bb7 13. Bh2 Re8 14. Ng3 Bd6 15. Nh4 Ne4 16. Nhf5 Ndf6 17. Nxd6 Nxd6 18. Nf5 Nxf5 19. Bxf5 Ne4 20. Rae1 b4 21. f3 Nd6 22. Bd3 Nc4 23. e4 Ba6 24. e5 Qb6 25. Qf2 b3 26. a3 a4 27. Rc1 Na5 28. Bxa6 Qxa6 29. f4 Nc4 30. f5 Qa7 31. f6 g6 32. Bf4 h5 33. g4 Kh7 34. gxh5 Rg8 35. hxg6+ Rxg6+ 36. Kh2 Rh8 37. Rg1 Kg8 38. Rxg6+ fxg6 39. e6 Qh7 40. Qg2 Qh5 41. f7+ Kf8 42. Rxc4 dxc4 43. Bd6+ Kg7 44. Be5+ Kf8 45. Bxh8 Qxh8 46. Qxc6 Kg7 47. Qd6 Qf8 48. Qe5+ Kh7 49. d5 Qc5 50. Qf4 Kg7 51. d6 Qc8 52. e7 1-0

[Event "BLR-ch sf"]
[Site "Minsk"]
[Date "2023.12.09"]
[Round "3"]
[White "Kasperovich, Mikhail"]
[Black "Hvozdz, Aliaksandr"]
[Result "0-1"]
[WhiteElo "1474"]
[BlackElo "1920"]
[PlyCount "160"]
[EventDate "2023.12.07"]
[EventType "swiss"]
[EventRounds "9"]
[EventCountry "BLR"]
[SourceTitle "CB51_2023"]
[SourceDate "2023.12.20"]
[SourceVersion "1"]
[SourceVersionDate "2023.12.20"]
[SourceQuality "1"]

1. c4 c5 2. Nc3 b6 3. Nf3 Nf6 4. d4 cxd4 5. Nxd4 Bb7 6. f3 d6 7. e4 e6 8. Be3 Be7 9. Be2 0-0 10. 0-0 a6 11. Qd2 Qc7 12. Rfc1 Re8 13. b4 Nbd7 14. a4 Rac8 15. a5 bxa5 16. bxa5 Nc5 17. Qc2 Rb8 18. Na4 Nfd7 19. Nxc5 Nxc5 20. Rcb1 Bf6 21. Ra2 Ba8 22. Nb3 Qb7 23. Nd2 Qc7 24. Nb3 Nxb3 25. Rxb3 Rxb3 26. Qxb3 Rb8 27. Qd3 h5 28. Bb6 Qc6 29. Rd2 Be5 30. Qe3 h4 31. Bf1 Bf6 32. Qd3 Be7 33. c5 d5 34. exd5 Bxc5+ 35. Kh1 exd5 36. Bxc5 Qxc5 37. Qxa6 h3 38. Qd3 hxg2+ 39. Bxg2 Qxa5 40. f4 Re8 41. h3 Qb4 42. Qd4 Qd6 43. Rd1 Bc6 44. Bf3 Re6 45. Rg1 Rf6 46. f5 Qa3 47. Rg3 Qc1+ 48. Kh2 Qc2+ 49. Bg2 Qxf5 50. Rf3 Qe6 51. Rxf6 gxf6 52. Qc5 f5 53. Qb6 Kg7 54. Qc7 Qf6 55. Qg3+ Kh7 56. Qf4 Bb7 57. Qc7 Bc6 58. Qf4 Qe6 59. Qh4+ Kg6 60. Qg3+ Kf6 61. Qh4+ Ke5 62. Qe1+ Kd6 63. Qb4+ Kd7 64. Qd4 f6 65. Qa7+ Ke8 66. Qb8+ Ke7 67. Qa7+ Bd7 68. Qf2 Qe5+ 69. Kh1 d4 70. Qd2 f4 71. Qb4+ Qd6 72. Qe1+ Be6 73. h4 d3 74. Bf3 Qe5 75. Qb4+ Kf7 76. Qb7+ Kg6 77. h5+ Kh6 78. Qb4 Kg5 79. Qd2 Qa1+ 80. Bd1 Bg4 0-1

[Event "BLR-ch sf"]
[Site "Minsk"]
[Date "2023.12.08"]
[Round "2"]
[White "Parkhimchyk, Kiryl"]
[Black "Kasperovich, Mikhail"]
[Result "1-0"]
[WhiteElo "1799"]
[BlackElo "1474"]
[PlyCount "67"]
[EventDate "2023.12.07"]
[EventType "swiss"]
[EventRounds "9"]
[EventCountry "BLR"]
[SourceTitle "CB51_2023"]
[SourceDate "2023.12.20"]
[SourceVersion "1"]
[SourceVersionDate "2023.12.20"]
[SourceQuality "1"]

1. e4 c5 2. Nf3 d6 3. d4 cxd4 4. Nxd4 Nf6 5. Nc3 a6 6. Bg5 e6 7. Qd3 b5 8. a3 Nbd7 9. f3 Bb7 10. 0-0-0 Nc5 11. Qd2 Be7 12. h4 Rc8 13. g4 d5 14. e5 Nfd7 15. Bxe7 Qxe7 16. Qe3 Nb6 17. h5 Nba4 18. Na2 h6 19. Rg1 Qc7 20. g5 Nd7 21. Re1 Nb8 22. Nb4 Nc6 23. Nbxc6 Bxc6 24. g6 Rf8 25. gxf7+ Qxf7 26. Rg6 Bd7 27. Bh3 Nc5 28. b4 Na4 29. Bxe6 Bxe6 30. Rxe6+ Kd7 31. Rxa6 Qf4 32. Ra7+ Ke8 33. Qxf4 Rxf4 34. Nxb5 1-0

[Event "Minsk op"]
[Site "Minsk"]
[Date "2023.11.09"]
[Round "7"]
[White "Maslau, Ivan"]
[Black "Kasperovich, Mikhail"]
[Result "1-0"]
[WhiteElo "1334"]
[BlackElo "1572"]
[PlyCount "69"]
[EventDate "2023.11.03"]
[EventType "swiss"]
[EventRounds "9"]
[EventCountry "BLR"]
[SourceTitle "CB46_2023"]
[SourceDate "2023.11.15"]
[SourceVersion "1"]
[SourceVersionDate "2023.11.15"]
[SourceQuality "1"]

1. e4 d6 2. d4 g6 3. Nc3 Bg7 4. Bc4 Nf6 5. f3 a6 6. Bb3 Nc6 7. Be3 Na5 8. Nge2 Nxb3 9. axb3 Nd7 10. Qd2 e5 11. Bg5 f6 12. Bh6 0-0 13. Bxg7 Kxg7 14. 0-0-0 b5 15. f4 exd4 16. Nxd4 Nc5 17. Rde1 Ne6 18. Rhf1 b4 19. Nb1 a5 20. h4 c5 21. Nxe6+ Bxe6 22. h5 a4 23. bxa4 Rxa4 24. hxg6 hxg6 25. f5 Bf7 26. Rd1 Ra1 27. Rh1 g5 28. Qd3 Ba2 29. Kd2 c4 30. Qd4 Rh8 31. Qa7+ Kg8 32. Rxh8+ Kxh8 33. Rh1+ Kg8 34. Qh7+ Kf8 35. Qh8+ 1-0

[Event "Minsk Kupreichik Memorial op"]
[Site "Minsk"]
[Date "2023.04.23"]
[Round "4"]
[White "Kasperovich, Mikhail"]
[Black "Parkhimchyk, Kiryl"]
[Result "0-1"]
[WhiteElo "1577"]
[BlackElo "1834"]
[PlyCount "44"]
[EventDate "2023.04.21"]
[EventType "swiss"]
[EventRounds "7"]
[EventCountry "BLR"]
[SourceTitle "CBM 214 Extra"]
[Source "ChessBase"]
[SourceDate "2023.07.31"]
[SourceVersion "1"]
[SourceVersionDate "2023.07.31"]
[SourceQuality "1"]

1. c4 Nf6 2. Nc3 e6 3. Nf3 d5 4. d4 dxc4 5. e3 a6 6. Bxc4 b5 7. Bd3 Bb7 8. Qc2 Nbd7 9. Ne4 Be7 10. a3 Nxe4 11. Bxe4 Bxe4 12. Qxe4 c5 13. 0-0 0-0 14. Rd1 cxd4 15. Nxd4 Nc5 16. Qg4 f5 17. Qe2 Qb6 18. b4 Na4 19. Qa2 Nc3 20. Qb3 Nxd1 21. Nxe6 Rf7 22. Bd2 Nb2 0-1

[Event "Minsk op"]
[Site "Minsk"]
[Date "2022.08.10"]
[Round "8"]
[White "Kasperovich, Mikhail"]
[Black "Poliakova, Varvara"]
[Result "0-1"]
[WhiteElo "1418"]
[BlackElo "1965"]
[PlyCount "50"]
[EventDate "2022.08.03"]
[EventType "swiss"]
[EventRounds "9"]
[EventCountry "BLR"]
[SourceTitle "CBM 209 Extra"]
[Source "ChessBase"]
[SourceDate "2022.09.30"]
[SourceVersion "1"]
[SourceVersionDate "2022.09.30"]
[SourceQuality "1"]

1. d4 f5 2. Nf3 d6 3. c4 Nf6 4. Nc3 g6 5. g3 Bg7 6. Bg2 0-0 7. 0-0 Nc6 8. b3 e5 9. e3 e4 10. Ne1 a5 11. Bb2 g5 12. Ne2 Qe8 13. Nc2 Ne7 14. f4 exf3 15. Rxf3 Qh5 16. h3 Bd7 17. Rf2 Ne4 18. Bxe4 fxe4 19. Rh2 Bxh3 20. Nc3 Rf3 21. Nxe4 Raf8 22. Rf2 Qg4 23. Rxf3 Rxf3 24. Ne1 Rf1+ 25. Kh2 Qxe4 0-1

[Event "Minsk op"]
[Site "Minsk"]
[Date "2022.08.03"]
[Round "1"]
[White "Kasperovich, Mikhail"]
[Black "Cherepov, Alexej"]
[Result "0-1"]
[WhiteElo "1418"]
[BlackElo "2191"]
[PlyCount "58"]
[EventDate "2022.08.03"]
[EventType "swiss"]
[EventRounds "9"]
[EventCountry "BLR"]
[SourceTitle "CBM 209 Extra"]
[Source "ChessBase"]
[SourceDate "2022.09.30"]
[SourceVersion "1"]
[SourceVersionDate "2022.09.30"]
[SourceQuality "1"]

1. c4 c5 2. Nf3 Nf6 3. Nc3 d5 4. e3 d4 5. exd4 cxd4 6. Ne2 Nc6 7. b4 d3 8. Ng3 e5 9. a3 e4 10. Ng5 Qd4 11. Rb1 Qe5 12. h4 h6 13. Bb2 Nd4 14. Bxd4 Qxd4 15. Nh3 Bd6 16. Nh5 Nxh5 17. Qxh5 Qxc4 18. g3 Bd7 19. Bg2 g6 20. Qd1 0-0 21. 0-0 Rfe8 22. Rc1 Qd4 23. Kh1 a5 24. Qb3 axb4 25. axb4 Qxb4 26. Qxb4 Bxb4 27. Rc4 Bxd2 28. Rd1 Ra2 29. Kh2 Bc6 0-1

[Event "Kaspersky op U16"]
[Site "Tornelo INT"]
[Date "2021.04.02"]
[Round "8"]
[White "Goroshkov, Maksym"]
[Black "Kasperovich, Mikhail"]
[Result "0-1"]
[WhiteElo "2045"]
[BlackElo "1423"]
[PlyCount "152"]
[EventDate "2021.04.02"]
[EventType "swiss (blitz)"]
[EventRounds "11"]
[EventCountry "RUS"]
[SourceTitle "CBM 201 Extra"]
[Source "ChessBase"]
[SourceDate "2021.05.31"]
[SourceVersion "1"]
[SourceVersionDate "2021.05.31"]
[SourceQuality "1"]

1. e4 c5 2. d4 cxd4 3. c3 dxc3 4. Nxc3 e6 5. Nf3 Be7 6. Bc4 d6 7. 0-0 Nc6 8. Qe2 Nf6 9. Rd1 e5 10. h3 0-0 11. Bg5 Be6 12. Bxe6 fxe6 13. Rac1 Rc8 14. Qc4 Qd7 15. Qb3 h6 16. Bh4 Nh5 17. Bxe7 Qxe7 18. Nb5 Rcd8 19. Qa3 Nf4 20. Kh2 a6 21. Nxd6 Ne2 22. Ra1 Ned4 23. Nxd4 exd4 24. e5 Rxf2 25. Qg3 Rdf8 26. Ne4 R8f3 27. Qg6 Nxe5 28. Nxf2 Nxg6 29. gxf3 e5 30. Ne4 Nh4 31. Rd3 Qf7 32. Rf1 Qf4+ 33. Kg1 Nxf3+ 34. Rdxf3 Qxe4 35. Rg3 d3 36. Rg2 Qd4+ 37. Kh2 e4 38. Rg4 d2 39. Rd1 Qf2+ 40. Rg2 Qf4+ 41. Kh1 e3 42. Rgg1 Qf3+ 43. Kh2 Qxd1 44. Rxd1 e2 45. Rxd2 e1Q 46. Rg2 Qe5+ 47. Kh1 g5 48. a3 Kf7 49. Rf2+ Kg6 50. Kg2 h5 51. Rf1 g4 52. hxg4 hxg4 53. Rf2 Kg5 54. Rf1 Qe4+ 55. Kg3 Qe5+ 56. Kg2 Qxb2+ 57. Rf2 Qxf2+ 58. Kxf2 Kf4 59. Kg2 b5 60. Kf2 a5 61. Ke2 g3 62. Kf1 b4 63. axb4 axb4 64. Ke2 b3 65. Kd3 b2 66. Kc2 g2 67. Kxb2 g1Q 68. Kc3 Qd1 69. Kc4 Qd2 70. Kb3 Qc1 71. Ka2 Ke4 72. Kb3 Kd3 73. Ka2 Qc5 74. Kb3 Qc4+ 75. Ka3 Qb5 76. Ka2 Kc3 0-1

[Event "Kaspersky op U16"]
[Site "Tornelo INT"]
[Date "2021.04.02"]
[Round "10"]
[White "Lutsko, Artem"]
[Black "Kasperovich, Mikhail"]
[Result "1-0"]
[WhiteElo "2037"]
[BlackElo "1423"]
[PlyCount "125"]
[EventDate "2021.04.02"]
[EventType "swiss (blitz)"]
[EventRounds "11"]
[EventCountry "RUS"]
[SourceTitle "CBM 201 Extra"]
[Source "ChessBase"]
[SourceDate "2021.05.31"]
[SourceVersion "1"]
[SourceVersionDate "2021.05.31"]
[SourceQuality "1"]

1. d4 Nf6 2. Nf3 e6 3. c4 d5 4. g3 Bb4+ 5. Bd2 Be7 6. Qc2 0-0 7. Bg2 c6 8. 0-0 Nbd7 9. Bf4 b6 10. Nbd2 Ba6 11. Rfe1 Rc8 12. Qa4 Bxc4 13. Nxc4 dxc4 14. Qxc4 c5 15. Red1 cxd4 16. Qxd4 Nc5 17. b4 Qxd4 18. Nxd4 Ncd7 19. Nc6 Rfe8 20. Nxa7 Rc2 21. Rd2 Rxd2 22. Bxd2 Ne5 23. Nc6 Nxc6 24. Bxc6 Rd8 25. Be1 Nd5 26. Rd1 Rc8 27. b5 Nb4 28. Rd7 Bc5 29. Bb7 Rb8 30. a4 Kf8 31. Bf3 Ke8 32. Rc7 Bd6 33. Ra7 Bc5 34. Bc3 g6 35. Be5 Rd8 36. Bc7 Rd7 37. a5 bxa5 38. Ra8+ Ke7 39. b6 Nd5 40. Bxd5 Bxb6 41. Bxb6 Rxd5 42. Rxa5 Rd2 43. Ra7+ Kf6 44. e3 e5 45. Bc7 Kf5 46. Bxe5 Kxe5 47. Rxf7 h5 48. h4 Ke6 49. Rf4 Ke5 50. Kg2 Ke6 51. g4 hxg4 52. Rxg4 Kf6 53. Rf4+ Kg7 54. Kg3 Rd1 55. e4 Rg1+ 56. Kf3 Kh6 57. e5 Kh5 58. e6 Ra1 59. e7 Ra8 60. Rf8 Ra3+ 61. Kg2 Kxh4 62. Rh8+ Kg5 63. e8Q 1-0

[Event "Minsk Kupreichik Memorial rapid"]
[Site "Minsk"]
[Date "2019.08.16"]
[Round "7"]
[White "Kasperovich, Mikhail"]
[Black "Kolosovskaya, Olga"]
[Result "0-1"]
[WhiteElo "1324"]
[BlackElo "1719"]
[PlyCount "144"]
[EventDate "2019.08.15"]
[EventType "swiss (rapid)"]
[EventRounds "10"]
[EventCountry "BLR"]
[SourceTitle "CBM 191 Extra"]
[Source "ChessBase"]
[SourceDate "2019.09.30"]
[SourceVersion "1"]
[SourceVersionDate "2019.09.30"]
[SourceQuality "1"]

1. d4 d5 2. Nf3 Nf6 3. c4 c6 4. Nc3 dxc4 5. a4 e6 6. e3 Be7 7. Bxc4 0-0 8. 0-0 b6 9. b3 Bb7 10. Bb2 a6 11. Rc1 b5 12. axb5 cxb5 13. Bd3 Qb6 14. Ne5 Nc6 15. Nxc6 Bxc6 16. Qc2 Rac8 17. Qb1 b4 18. Ne4 Nxe4 19. Bxe4 Bxe4 20. Qxe4 Bf6 21. Rc2 Rxc2 22. Qxc2 g6 23. Rc1 Kg7 24. h3 Rb8 25. Kf1 Qb5+ 26. Ke1 Qd5 27. Kf1 Qb5+ 28. Ke1 e5 29. Qe4 exd4 30. Bxd4 Bxd4 31. Qxd4+ Kg8 32. Rc5 Qb6 33. Rc4 Qb7 34. Qe4 Qb5 35. Qd4 Qa5 36. Rc5 Qa3 37. Qc4 Qa1+ 38. Ke2 Qb2+ 39. Kf3 Qf6+ 40. Qf4 Qb6 41. Rc7 Qe6 42. Rc4 Qd5+ 43. Ke2 Rd8 44. Rd4 Qb5+ 45. Kf3 Qc6+ 46. Ke2 Qc2+ 47. Kf3 Rxd4 48. Qxd4 Qxb3 49. Qd8+ Kg7 50. Qd4+ f6 51. Qa7+ Qf7 52. Qxa6 Qd5+ 53. Kg3 Qe5+ 54. Kf3 Qd5+ 55. Kg3 b3 56. Qa7+ Kh6 57. Qb6 Qe5+ 58. Kf3 b2 59. Ke2 Qc3 60. Qb8 Qc2+ 61. Kf3 b1Q 62. Qf8+ Kg5 63. h4+ Kf5 64. g4+ Ke5 65. Qe7+ Kd5 66. Qd7+ Kc4 67. Qc6+ Kb3 68. Qb5+ Ka2 69. Qa5+ Kb2 70. Qb4+ Qb3 71. Qd4+ Kc1 72. Qc5+ Q1c2 0-1